000 00337nam a2200121Ia 4500
008 210430s9999 xx 000 0 und d
082 _a621.38152 P574 P
100 _aZouheir Sekkat
_952135
245 _aPhotoreactive Organic Thin films
_cZouheir Sekkat
260 _aBoston
_bAcademic Press
_c2002
300 _a560p.
942 _cBK
_2ddc
999 _c563494
_d563494